Guide to natural Housekeeping (Record no. 11618)

MARC details
000 -LEADER
fixed length control field 00355nam a2200145Ia 4500
008 - FIXED-LENGTH DATA ELEMENTS--GENERAL INFORMATION
fixed length control field 230312s9999||||xx |||||||||||||| ||und||
020 ## - INTERNATIONAL STANDARD BOOK NUMBER
International Standard Book Number 1-9081-7021-3
082 ## - DEWEY DECIMAL CLASSIFICATION NUMBER
Classification number 720.19
Item number STU-A
100 ## - MAIN ENTRY--PERSONAL NAME
Personal name Strutt;christina
245 #0 - TITLE STATEMENT
Title Guide to natural Housekeeping
260 ## - PUBLICATION, DISTRIBUTION, ETC.
Name of publisher, distributor, etc. Cico books
Place of publication, distribution, etc. china
Date of publication, distribution, etc. 2012
300 ## - PHYSICAL DESCRIPTION
Extent 192
650 ## - SUBJECT ADDED ENTRY--TOPICAL TERM
Topical term or geographic name entry element Architecture
942 ## - ADDED ENTRY ELEMENTS (KOHA)
Koha item type BOOK
Holdings
Withdrawn status Lost status Source of classification or shelving scheme Damaged status Not for loan Home library Current library Date acquired Total Checkouts Full call number Barcode Date last seen Price effective from Koha item type
    Dewey Decimal Classification     Superior Information Resource Center (SIRC) Superior University- Central Library Superior Information Resource Center (SIRC) Superior University- Central Library 03/13/2023   720.19 STU-A 11748 03/13/2023 03/13/2023 BOOK

Powered by Koha